Employability : (Record no. 588422)

000 -LEADER
fixed length control field 01590cam a2200457 i 4500
001 - CONTROL NUMBER
control field 18885470
003 - CONTROL NUMBER IDENTIFIER
control field NUST
005 - DATE AND TIME OF LATEST TRANSACTION
control field 20220301104747.0
008 - FIXED-LENGTH DATA ELEMENTS--GENERAL INFORMATION
fixed length control field 151204s2016 enk b 001 0 eng c
010 ## - LIBRARY OF CONGRESS CONTROL NUMBER
LC control number 2015959295
020 ## - INTERNATIONAL STANDARD BOOK NUMBER
International Standard Book Number 9781446298350
Qualifying information (pbk)
020 ## - INTERNATIONAL STANDARD BOOK NUMBER
International Standard Book Number 1446298353
Qualifying information (pbk)
020 ## - INTERNATIONAL STANDARD BOOK NUMBER
International Standard Book Number 9781446298343
020 ## - INTERNATIONAL STANDARD BOOK NUMBER
International Standard Book Number 1446298345
035 ## - SYSTEM CONTROL NUMBER
System control number (OCoLC)ocn950956232
038 ## - RECORD CONTENT LICENSOR
Staff Name waseem
040 ## - CATALOGING SOURCE
Original cataloging agency BTCTA
Language of cataloging eng
Transcribing agency BTCTA
Description conventions rda
Modifying agency BDX
-- YDX
-- OCLCO
-- OCLCF
-- TXA
-- OCL
-- CHVBK
-- OCLCO
-- DLC
042 ## - AUTHENTICATION CODE
Authentication code pcc
050 00 - LIBRARY OF CONGRESS CALL NUMBER
Classification number HF5381
Item number .N4214 2016
082 ## - DEWEY DECIMAL CLASSIFICATION NUMBER
Classification number 657.14
Author Mark NEU
100 1# - MAIN ENTRY--PERSONAL NAME
Personal name Neugebauer, John,
Relator term [author]
9 (RLIN) 89936
245 10 - TITLE STATEMENT
Title Employability :
Remainder of title making the most of your career development /
Statement of responsibility, etc. John Neugebauer & Jane Evans-Brain.
264 #1 - PRODUCTION, PUBLICATION, DISTRIBUTION, MANUFACTURE, AND COPYRIGHT NOTICE
Place of production, publication, distribution, manufacture Los Angeles :
Name of producer, publisher, distributor, manufacturer Sage,
Date of production, publication, distribution, manufacture, or copyright notice 2016.
300 ## - PHYSICAL DESCRIPTION
Extent xii, 186 pages ;
Dimensions 24 cm
336 ## - CONTENT TYPE
Content type term text
Content type code txt
Source rdacontent
337 ## - MEDIA TYPE
Media type term unmediated
Media type code n
Source rdamedia
338 ## - CARRIER TYPE
Carrier type term volume
Carrier type code nc
Source rdacarrier
504 ## - BIBLIOGRAPHY, ETC. NOTE
Bibliography, etc. note Includes bibliographical references (pages 167-179) and index.
563 ## - BINDING INFORMATION
Binding note PBK.
650 #0 - SUBJECT ADDED ENTRY--TOPICAL TERM
Topical term or geographic name entry element Employability.
9 (RLIN) 89937
650 #0 - SUBJECT ADDED ENTRY--TOPICAL TERM
Topical term or geographic name entry element Career development.
9 (RLIN) 89938
650 #7 - SUBJECT ADDED ENTRY--TOPICAL TERM
Topical term or geographic name entry element Career development
Source of heading or term fast
Authority record control number or standard number (OCoLC)fst00847280
9 (RLIN) 89938
650 #7 - SUBJECT ADDED ENTRY--TOPICAL TERM
Topical term or geographic name entry element Employability.
Source of heading or term fast
Authority record control number or standard number (OCoLC)fst01738976
9 (RLIN) 89937
650 #7 - SUBJECT ADDED ENTRY--TOPICAL TERM
Topical term or geographic name entry element Bewerbung
Source of heading or term gnd
9 (RLIN) 89939
650 #7 - SUBJECT ADDED ENTRY--TOPICAL TERM
Topical term or geographic name entry element Beschäftigungsfähigkeit
Source of heading or term gnd
9 (RLIN) 89940
700 1# - ADDED ENTRY--PERSONAL NAME
Personal name Evans-Brain, Jane,
Relator term author.
9 (RLIN) 89941
906 ## - LOCAL DATA ELEMENT F, LDF (RLIN)
a 7
b cbc
c pccadap
d 2
e ncip
f 20
g y-gencatlg
942 ## - ADDED ENTRY ELEMENTS (KOHA)
Source of classification or shelving scheme
Koha item type Book
Holdings
Withdrawn status Lost status Source of classification or shelving scheme Damaged status Not for loan Permanent Location Current Location Shelving location Date acquired Source of acquisition Total Checkouts Full call number Barcode Date last seen Date last checked out Price effective from Koha item type
          Central Library (CL) Central Library (CL) Management Sciences 03/01/2022 Progressive International Agencies 1 657.14 NEU CL-1022 11/13/2024 10/28/2024 03/01/2022 Book
© 2023 Central Library, National University of Sciences and Technology. All Rights Reserved.